000
00257nam a2200109Ia 4500
005
20251222175933.0
008
251222s9999||||xx |||||||||||||| ||spa||
082
_a
657/V39
100
_a
Vela Pastor, Manuel
245
0
_a
Manual de Contabilidad
942
_c
LIB
999
_c
41100
_d
41100